Catálogo
 En Linea

Introducción al marxismo. / (Registro nro. 54505)

Detalles MARC
000 -CABECERA
campo de control de longitud fija 01686nam a2200277 i 4500
003 - IDENTIFICADOR DEL NÚMERO DE CONTROL
campo de control DO-SdBNP
005 - FECHA Y HORA DE LA ÚLTIMA TRANSACCIÓN
campo de control 20230824103751.0
006 - CÓDIGOS DE INFORMACIÓN DE LONGITUD FIJA--CARACTERÍSTICAS DEL MATERIAL ADICIONAL
campo de control de longitud fija a||||gr|||| 00| 0
007 - CAMPO FIJO DE DESCRIPCIÓN FÍSICA--INFORMACIÓN GENERAL
campo de control de longitud fija ta
008 - DATOS DE LONGITUD FIJA--INFORMACIÓN GENERAL
campo de control de longitud fija 230822e1980 dr ao||| |||| 00| e spa d
040 ## - FUENTE DE LA CATALOGACIÓN
Centro catalogador/agencia de origen DO-SdBNP
Lengua de catalogación spa
Centro/agencia transcriptor BNPHU
Normas de descripción rda
082 #4 - NÚMERO DE LA CLASIFICACIÓN DECIMAL DEWEY
Número de edición 22
Número de documento/Ítem M271i
100 1# - ENTRADA PRINCIPAL--NOMBRE DE PERSONA
Nombre de persona Mandel, Ernest,
9 (RLIN) 73989
Término indicativo de función/relación autor
245 10 - MENCIÓN DE TÍTULO
Título Introducción al marxismo. /
Mención de responsabilidad, etc. Ernest Mandel; cubierta, Amaury Villalba C.
264 #1 - PRODUCCIÓN, PUBLICACIÓN, DISTRIBUCIÓN, FABRICACIÓN Y COPYRIGHT
Producción, publicación, distribución, fabricación y copyright Santo Domingo :
Nombre del de productor, editor, distribuidor, fabricante La Internacional,
Fecha de producción, publicación, distribución, fabricación o copyright 1980
300 ## - DESCRIPCIÓN FÍSICA
Extensión 223 páginas :
Otras características físicas Ilustraciones, fotografía ;
Dimensiones 17 cm.
336 ## - TIPO DE CONTENIDO
Fuente rdacontent
Término de tipo de contenido texto
Código de tipo de contenido txt
337 ## - TIPO DE MEDIO
Fuente rdamedia
Nombre/término del tipo de medio sin mediación
Código del tipo de medio n
338 ## - TIPO DE SOPORTE
Fuente rdacarrier
Nombre/término del tipo de soporte volumen
Código del tipo de soporte nc
504 ## - NOTA DE BIBLIOGRAFÍA, ETC.
Nota de bibliografía, etc. Bibliografía: página 121.
505 ## - NOTA DE CONTENIDO CON FORMATO
Nota de contenido con formato Prólogo a la edición española.
505 ## - NOTA DE CONTENIDO CON FORMATO
Nota de contenido con formato Prólogo.
Título La desigualdad social y las luchas sociales a través de la historia.-- Las fuentes económicas de la desigualdad social.-- El Estado, instrumento de dominación de clase.-- De la pequeña producción mercantil al modo de producción capitalista.-- La economía capitalista.-- El capitalismo de los monopolios.-- El sistema imperialista mundial.-- Los orígenes del movimiento obrero moderno.-- Reformas y revolución.--
-- Democracia burguesa y democracia proletaria.-- La primera guerra imperialista y la revolución rusa.-- El stalinismo.-- De las luchas cotidianas de las masas a la revolución social mundial.-- La conquista de las masas por los revolucionarios.-- El advenimiento de la sociedad sin clases.-- La dialéctica materialista.-- El materialismo histórico.
590 ## - NOTA LOCAL (RLIN)
Nota local Inventariado 2023 / MF
700 ## - PUNTO DE ACCESO ADICIONAL--NOMBRE DE PERSONA
Nombre de persona Villalba C., Amaury,
Término indicativo de función/relación fotografía de cubierta
9 (RLIN) 84001
942 ## - ELEMENTOS DE PUNTO DE ACCESO ADICIONAL (KOHA)
Fuente del sistema de clasificación o colocación Dewey Decimal Classification
Tipo de ítem Koha Libro
Existencias
Estado de retiro Estado de pérdida Fuente del sistema de clasificación o colocación Restricciones de uso No para préstamo Código de colección Localización permanente Ubicación/localización actual Ubicación en estantería Fecha de adquisición Fuente de adquisición Total de préstamos Signatura topográfica completa Código de barras Fecha visto por última vez Precio válido a partir de Tipo de ítem Koha
    Dewey Decimal Classification Excluido de préstamo   Patrimonio Dominicano Biblioteca Nacional Pedro Henríquez Ureña Biblioteca Nacional Pedro Henríquez Ureña En catalogación 22.08.2013 Donado por INTEC   M271i 2023-5474 22.08.2023 22.08.2023 Libro

Con tecnología Koha